Medagliere Scherma ai Giochi Olimpici - Statistics

Statistiche generali
  • Questo quiz è stato fatto 56 volte
  • Il punteggio medio è 12 su 15
Statistiche sulle risposte
Medaglie complessive Medaglie d'Oro Medaglie d'Argento Medaglie di Bronzo Rappresentativa olimpica % Corretto
123 44 43 36 Francia
100%
130 49 46 35 Italia
100%
33 4 11 18 Stati Uniti
100%
15 5 7 3 Cina
98%
26 13 5 8 Russia
96%
21 5 7 9 Germania
87%
90 38 24 28 Ungheria
87%
9 1 8 0 Gran Bretagna
83%
16 5 3 8 Corea del Sud
80%
22 4 9 9 Polonia
80%
49 18 15 16 Unione Sovietica
78%
17 4 6 7 Romania
72%
10 3 3 4 Belgio
63%
16 7 8 1 Germania Est
46%
10 4 3 3 Cuba
28%
Nessun quiz corrispondente trovato
Distribuzione punteggi
Percentuale di utenti per punteggio
Percentile per numero di risposta
I tuoi punteggi nel tempo
Non hai fatto questo quiz